Rescriptum alterum Eminentissimi et Reverendissimi Domini Cardinalis de Alsatia Archiepiscopi Michliniensis primatis Belgii ad Teod. Vander Croon pseudoepiscopum in foederato Belgio commorantem

Detalles Bibliográficos
Formato: Libro
Lenguaje:Undetermined
Latin
Publicado: Lovanii : typis Martini van Overbere, 1736.
Materias:
Colección:Banco de datos
Acervo:Biblioteca Palafoxiana. Colección bibliográfica
Descripción Física:8 p. ; 4°
Tema general:Apologética
Notas:Número de localización: 20077-H
LEADER 00671nam a2200169Ia 4500
008 150723s9999 xx 000 0 und d
041 0 |a lat 
050 0 |a PAFX BT1100 I5 
245 1 0 |a Rescriptum alterum Eminentissimi et Reverendissimi Domini Cardinalis de Alsatia Archiepiscopi Michliniensis primatis Belgii ad Teod. Vander Croon pseudoepiscopum in foederato Belgio commorantem 
260 |a Lovanii : typis Martini van Overbere, 1736. 
300 |a 8 p. ; 4° 
500 |a Número de localización: 20077-H 
501 |a Encuadernado con 12 obras 
650 1 0 |a Apologética 
942 |c PALALIB 
943 |g Biblioteca Palafoxiana. Colección bibliográfica 
999 |c 1044896  |d 1044896